Models in economics program and book of abstracts
Na minha lista:
| Autor Corporativo: | |
|---|---|
| Outros Autores: | , |
| Formato: | Livro |
| Idioma: | inglês |
| Publicado em: |
Maribor
Faculty of economics and business University of Maribor
2007
|
| Assuntos: | |
| Tags: |
Sem tags, seja o primeiro a adicionar uma tag!
|
MARC
| LEADER | 00000nlm$a2200000$$$4500 | ||
|---|---|---|---|
| 001 | 0076136 | ||
| 005 | 20240109070423.7 | ||
| 020 | |a 961-6354-49-3 | ||
| 041 | 0 | |a eng | |
| 044 | |a SI | ||
| 245 | 1 | 0 | |a Models in economics |b program and book of abstracts |c edited by: Darja Boršič, Alenka Kavkler |
| 264 | 1 | |a Maribor |b Faculty of economics and business University of Maribor |c 2007 | |
| 300 | |a CD-ROM | ||
| 610 | 2 | 0 | |a ekonometria |
| 610 | 2 | 0 | |a modely |
| 610 | 2 | 0 | |a modely ekonometrické |
| 610 | 2 | 0 | |a modely ekonomické |
| 700 | 1 | |a Boršič, Darja | |
| 700 | 1 | |a Kavkler, Alenka | |
| 110 | 2 | |a Models in economics. International scientfic conference | |